000 00400nam a2200145 i 4500
001 bg
100 1 _aPSZCZOŁOWSKI, Tadeusz
245 0 _aZasady sprawnego działania :
_bwstęp do prakseologii /
_cTadeusz Pszczołowski.
250 _aWyd.6 rozsz.
260 _aWarszawa :
_bWiedza Powszechna,
_c1982.
040 _cBPK
041 _apol
942 _cKS
008 s pl f |000 0 pol
999 _c20490
_d20490
856 _uhttp://koha.tu.koszalin.pl/cgi-bin/koha/opac-detail.pl?biblionumber=20490
_yKatalog online BPK